LEADER 02053nam0 2200469 i 450 001 RAV1328580 005 20251003044331.0 010 $a8831786482 020 $aIT$b2006-3477 100 $a20050502d2005 ||||0itac50 ba 101 | $aita 102 $ait 181 1$6z01$ai $bxxxe 182 1$6z01$an 183 1$6z01$anc$2RDAcarrier 200 1 $aMenscevichi$ei riformisti nella storia dell'Italia repubblicana$fLuigi Covatta$gprefazione di Luciano Cafagna 210 $a[Venezia]$cMarsilio$d2005 215 $a293 p.$d22 cm. 225 | $aSaggi 410 0$1001CFI0022487$12001 $aSaggi 676 $a324.245$9PARTITI POLITICI ITALIANI$v19 676 $a324.245$9PARTITI POLITICI ITALIANI$v22 676 $a324.24507$9Partiti moderni italiani. Partiti di sinistra$v20 676 $a945.092$9STORIA D'ITALIA. Repubblica. 1946-$v20 676 $a945.092$9STORIA. ITALIA. PERIODO DELLA REPUBBLICA, 1946-$v21 686 $aIT/X42.5$cPARTITI E MOVIMENTI POLITICI ITALIA$2R 686 $aIT/X420.2$cITALIA REPUBBLICANA 1946-1993$2R 686 $aIT/X420.3$cITALIA REPUBBLICANA 1993-$2R 700 1$aCovatta$b, Luigi$3CFIV024407$4070$0321839 702 1$aCafagna$b, Luciano$3CFIV102460 790 1$aD'Ambra$b, Gino$3BMTV006272$zCovatta, Luigi 801 3$aIT$bIT-000000$c20050502 850 $aIT-BN0095 $aIT-NA0581 $aIT-NA0230 $aIT-NA0707 901 $bNAP IR$cF. CARIA $n$ 901 $bNAP FC$cFONDO $n$ 901 $bNAP 01$cPOZZO LIB.$nVi sono collocati fondi di economia, periodici di ingegneria e scienze, periodici di economia e statistica e altri fondi comprendenti documenti di economia pervenuti in dono. 901 $bNAP MS$cS.33 $n$ 912 $aRAV1328580 950 0$aBiblioteca Centralizzata di Ateneo$c1 v.$d 01POZZO LIB.ECON MON 4763$e 0101 0000204975E VMA 1 v. (Ristampa 2009)$fB $h20210326$i20210326 977 $a 01$a FC$a IR$a MS 996 $aMenscevichi$9726299 997 $aUNISANNIO